Praenotionum canonicarum. libri quinque (Record no. 8732)
[ view plain ]
| 000 -CABECERA | |
|---|---|
| campo de control de longitud fija | 00833nam a2200229 a 4500 |
| 001 - NÚMERO DE CONTROL | |
| campo de control | BRCA_9082 |
| 005 - FECHA Y HORA DE LA ÚLTIMA TRANSACCIÓN | |
| campo de control | 20190320210521.0 |
| 008 - DATOS DE LONGITUD FIJA--INFORMACIÓN GENERAL | |
| campo de control de longitud fija | 110917s1748----it-#######---#000-0#lat-# |
| 041 ## - CÓDIGO DE LENGUA | |
| Código de lengua del texto/banda sonora o título independiente | lat |
| 044 ## - CÓDIGO DEL PAÍS DE LA ENTIDAD EDITORA/PRODUCTORA | |
| Código MARC del país | it |
| 084 ## - OTRO NÚMERO DE CLASIFICACIÓN | |
| Número de clasificación | CO29 |
| Número de documento/Ítem | .D68 1748 |
| 100 1# - ENTRADA PRINCIPAL--NOMBRE DE PERSONA | |
| Nombre de persona | Doujat, Joannes |
| 9 (RLIN) | 22448 |
| 245 10 - MENCIÓN DE TÍTULO | |
| Título | Praenotionum canonicarum. libri quinque |
| Resto del título | quibus sacrijuris, atque universo studii ecclesiastici principia, &adminicula enucleantur |
| Mención de responsabilidad, etc. | exabarata Joannes Doujat... |
| 250 ## - MENCIÓN DE EDICIÓN | |
| Mención de edición | 5a ed. |
| 260 ## - PUBLICACIÓN, DISTRIBUCIÓN, ETC. | |
| Lugar de publicación, distribución, etc. | Venetiis |
| Nombre del editor, distribuidor, etc. | Ex typographia balleoniana |
| Fecha de publicación, distribución, etc. | 1748 |
| 300 ## - DESCRIPCIÓN FÍSICA | |
| Extensión | 612 p. |
| Dimensiones | 24 x 17.5 cm |
| 500 ## - NOTA GENERAL | |
| Nota general | Superiorum permissu, ac privilegiis |
| 500 ## - NOTA GENERAL | |
| Nota general | Estado físico: presenta encuadernación en pergamino con cintas y presencia del pez de plata |
| 650 14 - PUNTO DE ACCESO ADICIONAL DE MATERIA--TÉRMINO DE MATERIA | |
| Término de materia o nombre geográfico como elemento de entrada | Iglesia católica |
| Subdivisión cronológica | Obras anteriores a 1800 |
| 9 (RLIN) | 22449 |
| 902 ## - CATALOGADOR | |
| Iniciales | CFM |
| 942 ## - ELEMENTOS DE PUNTO DE ACCESO ADICIONAL (KOHA) | |
| Fuente del sistema de clasificación o colocación | Library of Congress Classification |
| Tipo de ítem Koha | Libros |
| Estado de retiro | Estado de pérdida | Estado dañado | No para préstamo | Localización permanente | Ubicación/localización actual | Fecha de adquisición | Total de préstamos | Signatura topográfica completa | Código de barras | Fecha visto por última vez | Precio válido a partir de | Tipo de ítem Koha |
|---|---|---|---|---|---|---|---|---|---|---|---|---|
| El ejemplar forma parte de la colección y puede ser consultado según las políticas vigentes. | Biblioteca del Museo Franz Mayer (Rogerio Casas-Alatriste) | Biblioteca del Museo Franz Mayer (Rogerio Casas-Alatriste) | 11/09/2017 | CO29 .D68 1748 | CFM00438 | 22/03/2019 | 22/03/2019 | Libros |